STEP III. zborník príspevkov z workshopu STEP III., 8.11.2018, Košice
Uložené v:
| Korporácia: | , , |
|---|---|
| Ďalší autori: | , , |
| Médium: | Kniha |
| Jazyk: | Slovak |
| Vydavateľské údaje: |
Bratislava
Vydavateľstvo EKONÓM
2018
|
| Vydanie: | 1. vydanie |
| Predmet: | |
| Tagy: |
Žiadne tagy, Buďte prvý, kto otaguje tento záznam!
|
MARC
| LEADER | 00000nlm a2200000 4500 | ||
|---|---|---|---|
| 001 | 0252349 | ||
| 005 | 20240827091249.3 | ||
| 020 | |a 978-80-225-4583-9 | ||
| 041 | 0 | |a slo | |
| 044 | |a SK | ||
| 245 | 1 | 0 | |a STEP III. |b zborník príspevkov z workshopu STEP III., 8.11.2018, Košice |c editor: Roman Lacko ; recenzenti: Lucia Bednárová, Šárka Vilámová |
| 250 | |a 1. vydanie | ||
| 264 | 1 | |a Bratislava |b Vydavateľstvo EKONÓM |c 2018 | |
| 300 | |a CD-ROM [172 s.] | ||
| 610 | 2 | 0 | |a vzdelávanie vysokoškolské |
| 610 | 2 | 0 | |a trh práce |
| 610 | 2 | 0 | |a marketing |
| 610 | 2 | 0 | |a škola a prax |
| 610 | 2 | 0 | |a manažment krízový |
| 610 | 2 | 0 | |a manažment strategický |
| 610 | 2 | 0 | |a efektívnosť podnikania |
| 610 | 2 | 0 | |a podnikanie |
| 700 | 1 | |a Lacko, Roman, 1988- | |
| 700 | 1 | |a Bednárová, Lucia | |
| 700 | 1 | |a Vilamová, Šárka | |
| 110 | 2 | |a STEP III.. Workshop | |
| 710 | 2 | |a Ekonomická univerzita v Bratislave | |
| 710 | 2 | |a Podnikovohospodárska fakulta EU so sídlom v Košiciach. Katedra ekonómie | |